000 00597nam a22001697a 4500
999 _c62015
_d62015
003 Ge_BSU
005 20240624110814.0
008 240624s1934 ge ||||| |||| 00| 0 geo d
041 _ageo
080 _a616-091(075.8) ჟ-99
100 _aჟღენტი, ვლ.
_922357
245 _aზოგადი პათოლოგიური ანატომია /
_cვლ. ჟღენტი.
264 _aტფ. :
_bსახელგამი,
_c1934.
300 _a439 გვ. ;
_b22 სმ.
653 _aპათოლოგიური ანატომია
942 _2udc
_cBK